| Поле | Инд. | ПП | Название | Значение |
|---|---|---|---|---|
| Тип записи | a | |||
| Библиографический уровень | m | |||
| 001 | Контрольный номер | e085aeb8-8195-4238-87f8-6d79c81ba3fd | ||
| 005 | Дата корректировки | 20140703125448.3 | ||
| 008 | Кодируемые данные | 040622 | ||
| 020 | c | Цена, тираж | б/ц | |
| 040 | a | Служба первич. каталог. | НБ ТвГУ | |
| 041 | a | Код языка текста | rus | |
| 080 | a | Индекс УДК | 316.3(043.3) | |
| a | Индекс УДК | 316.354(043.3) | ||
| a | Индекс УДК | 316.354:351/354(043.3) | ||
| 084 | a | Индекс другой классификации/Индекс ББК | С033.3я031 | |
| a | Индекс другой классификации/Индекс ББК | С55я031 | ||
| a | Индекс другой классификации/Индекс ББК | С8я031 | ||
| 090 | x | Авторский знак | Ш38 | |
| a | Полочн. индекс | С033.3 | ||
| 100 | 1_ | a | Автор | Шевяков Борис Васильевич |
| 245 | 10 | a | Заглавие | Философские основания самоорганизации и управления в социальных системах |
| b | Продолж. заглавия | Автореф. дис. ... канд. филос. наук : 09.00.11 | ||
| c | Ответственность | Моск. гос. ин-т электрон. техники (техн. ун-т). Каф. философии | ||
| 260 | 1_ | a | Место издания | Москва |
| b | Издательство | Б. и. | ||
| c | Дата издания | 2003 | ||
| 300 | a | Объем | 26 с. | |
| 500 | a | Примечание | На правах рукоп. | |
| 504 | a | Библиография | Библиогр.: с.25-26. | |
| 583 | a | Действие | Получение впервые 279 24.06.2004 | |
| 650 | a | Основная рубрика | Современное общество | |
| x | Основная подрубрика | Социальная философия | ||
| 650 | a | Основная рубрика | Информационное общество | |
| 650 | a | Основная рубрика | Организации | |
| x | Основная подрубрика | Социология | ||
| x | Основная подрубрика | Управление | ||
| 653 | a | Ключевые слова | Современное общество | |
| a | Ключевые слова | Информационное общество | ||
| a | Ключевые слова | Социальная философия | ||
| a | Ключевые слова | Социальные системы | ||
| a | Ключевые слова | Организации | ||
| a | Ключевые слова | Социология организаций | ||
| a | Ключевые слова | Управление | ||
| a | Ключевые слова | Социальное управление | ||
| a | Ключевые слова | Системы управления | ||
| a | Ключевые слова | Самоорганизация | ||
| a | Ключевые слова | Авторефераты | ||
| 852 | t | Порядковый номер экземпляра | 2 | |
| p | Инвентарный номер | б/н | ||
| 888 | a | Бесплатные | ||
| 930 | a | Новая/Ретро | авторефераты | |
| 952 | p | 279.2004 б/ц 2 б/н | ||
| c | Вид литературы | А/Р н | ||
| 954 | a | Дата поступления на обработку | 20040625 | |
| 999 | a | Подразделение 2 | ч.з. |